[Event "Philadelphia Open"]
[Site "Philadelphia, PA"]
[Date "2011.04.23"]
[Round "7"]
[White "Ostrovskiy, Aleksandr"]
[Black "Bierkens, Pieter"]
[Result "0-1"]
[WhiteElo "2295"]
[BlackElo "2137"]
[PlyCount "114"]
[EventDate "2011.04.??"]
[EventType "swiss"]
[EventRounds "9"]
[EventCountry "USA"]
[Source "MonRoi"]

1. e4 c5 2. Nf3 Nc6 3. d4 cxd4 4. Nxd4 e5 5. Nb5 d6 6. N1c3 a6 7. Na3 Be7 8.
Nc4 Nf6 9. Ne3 Be6 10. g3 h5 11. Bg2 h4 12. O-O hxg3 13. hxg3 Nd4 14. Ne2 Nc6
15. Nd5 Rc8 16. Be3 Bxd5 17. exd5 Nb8 18. Rc1 Ng4 19. Qd3 Nxe3 20. Qxe3 Nd7 21.
c4 Kf8 22. b4 b6 23. Qd3 g6 24. Nc3 Kg7 25. Na4 f5 26. f4 Bf6 27. Rfd1 exf4 28.
gxf4 Rh4 29. Qe3 g5 30. Rf1 b5 31. cxb5 Rxc1 32. Rxc1 Rxf4 33. Rd1 axb5 34. Nc3
Ne5 35. Nxb5 Ng4 36. Qa7+ Kg6 37. Rf1 Qh8 38. Rxf4 Qh2+ 39. Kf1 Qxf4+ 40. Kg1
Qh2+ 41. Kf1 Qf4+ 42. Kg1 Qc1+ 43. Bf1 Ne3 44. Kf2 Qxf1+ 45. Kxe3 f4+ 46. Kd2
Qxb5 47. Qa8 Qxb4+ 48. Kc2 Qc3+ 49. Kd1 Kf5 50. Qg8 Qa1+ 51. Kd2 Qxa2+ 52. Kd1
Qb1+ 53. Kd2 Qb2+ 54. Kd1 Be5 55. Qe6+ Ke4 56. Qg4 Ke3 57. Qg1+ Qf2 0-1

[Event "Philadelphia Open"]
[Site "Philadelphia, PA"]
[Date "2011.04.23"]
[Round "7"]
[White "Barnett, Alex"]
[Black "Shen, Arthur"]
[Result "1-0"]
[WhiteElo "2280"]
[BlackElo "2132"]
[PlyCount "88"]
[EventDate "2011.04.??"]
[EventType "swiss"]
[EventRounds "9"]
[EventCountry "USA"]
[Source "MonRoi"]

1. e4 c5 2. Nf3 d6 3. d4 cxd4 4. Nxd4 Nf6 5. Nc3 a6 6. Bc4 e6 7. Bb3 b5 8. Bg5
Be7 9. Qf3 Qb6 10. O-O-O O-O 11. g4 b4 12. Na4 Qc7 13. Rhe1 Bb7 14. h4 Nc6 15.
Qe2 Qa5 16. Be3 Bd8 17. g5 Nxd4 18. Rxd4 Nxe4 19. f3 Ng3 20. Qd2 Nf5 21. Rxb4
Bxf3 22. Bf2 Bc7 23. a3 d5 24. Qc3 Be4 25. Nb6 Bf4+ 26. Kb1 Rab8 27. Nd7 Rbc8
28. Bb6 Rxc3 29. Bxa5 Rcc8 30. Nxf8 Kxf8 31. Rf1 Bg3 32. Rb7 Bxh4 33. Bb4+ Kg8
34. Bd2 Bg3 35. Ba4 Be5 36. Ka2 f6 37. gxf6 Bxf6 38. Bd7 Rxc2 39. Bxe6+ Kf8 40.
Bb4+ Ke8 41. Bd7+ Kd8 42. Ba5+ Ke7 43. Bxf5+ Kd6 44. Rb6+ Ke7 1-0

[Event "Philadelphia Open"]
[Site "Philadelphia, PA"]
[Date "2011.04.23"]
[Round "7"]
[White "Milman, Lev"]
[Black "Tuhrim, Richard"]
[Result "1-0"]
[WhiteElo "2462"]
[BlackElo "2130"]
[PlyCount "73"]
[EventDate "2011.04.??"]
[EventType "swiss"]
[EventRounds "9"]
[EventCountry "USA"]
[Source "MonRoi"]

1. e4 e6 2. d4 d5 3. Nc3 Bb4 4. e5 c5 5. a3 Bxc3+ 6. bxc3 Ne7 7. Qg4 Qc7 8.
Qxg7 Rg8 9. Qxh7 cxd4 10. Ne2 Nbc6 11. f4 dxc3 12. Qd3 d4 13. Nxd4 Nxd4 14.
Qxd4 Bd7 15. Rg1 Nf5 16. Qf2 Qc6 17. Bd3 Qd5 18. a4 Bc6 19. Ra3 O-O-O 20. Rxc3
Kb8 21. Ba3 Qa5 22. Qc5 Qxa4 23. Rc4 Qb5 24. g4 Rd5 25. Qxb5 Bxb5 26. Rc5 Rxc5
27. Bxc5 Bxd3 28. cxd3 Nh4 29. Bd6+ Kc8 30. Kf2 Kd7 31. h3 b6 32. Rc1 Rc8 33.
Rxc8 Kxc8 34. Kg3 Ng6 35. f5 Nh8 36. Kf4 a5 37. Kg5 1-0

[Event "Philadelphia Open"]
[Site "Philadelphia, PA"]
[Date "2011.04.23"]
[Round "7"]
[White "Cao, Kevin"]
[Black "Bonin, Jay"]
[Result "0-1"]
[WhiteElo "2103"]
[BlackElo "2296"]
[PlyCount "68"]
[EventDate "2011.04.??"]
[EventType "swiss"]
[EventRounds "9"]
[EventCountry "USA"]
[Source "MonRoi"]

1. e4 c6 2. d4 g6 3. Nf3 Bg7 4. Bd3 d6 5. c3 Nd7 6. Nbd2 Nb6 7. Nf1 e5 8. Ng3
Bg4 9. Be3 Nf6 10. h3 Bxf3 11. Qxf3 Qe7 12. Qe2 h5 13. Qc2 h4 14. Ne2 d5 15.
dxe5 Nxe4 16. Bxe4 dxe4 17. Qxe4 Bxe5 18. O-O-O O-O 19. Nd4 Rfe8 20. Qg4 Nd5
21. Nf5 Qf6 22. Nxh4 Bxc3 23. bxc3 Qxc3+ 24. Kb1 Nxe3 25. fxe3 Re5 26. a4 Qb3+
27. Ka1 Qa3+ 28. Kb1 Rxe3 29. Rd2 Rb3+ 30. Kc2 Rb2+ 31. Kd1 Qb3+ 32. Ke1 Re8+
33. Re2 Rbxe2+ 34. Qxe2 Qb1+ 0-1

[Event "Philadelphia Open"]
[Site "Philadelphia, PA"]
[Date "2011.04.23"]
[Round "7"]
[White "Chiang, Michael"]
[Black "Yeager, Daniel A"]
[Result "0-1"]
[WhiteElo "2064"]
[BlackElo "2289"]
[PlyCount "100"]
[EventDate "2011.04.??"]
[EventType "swiss"]
[EventRounds "9"]
[EventCountry "USA"]
[Source "MonRoi"]

1. e4 c5 2. Nf3 d6 3. d4 cxd4 4. Nxd4 Nf6 5. Nc3 a6 6. Be2 e5 7. Nb3 Be7 8. Bg5
Nbd7 9. Qd3 O-O 10. Rd1 h6 11. Bxf6 Nxf6 12. Nd2 b5 13. Nf1 b4 14. Nd5 Nxd5 15.
Qxd5 Be6 16. Qd2 Qa5 17. a3 Rfb8 18. Ne3 Qc5 19. axb4 Rxb4 20. c3 Rb3 21. Qc2
Rab8 22. Rb1 a5 23. O-O Bg5 24. Nd1 a4 25. Ra1 a3 26. Rxa3 Rxa3 27. bxa3 Qxa3
28. c4 Qb3 29. Qxb3 Rxb3 30. f4 Bxf4 31. Rf3 Rb1 32. g3 Bd2 33. Kf2 Rc1 34. Rd3
Bb4 35. Nb2 Rc2 36. Rb3 Bg4 37. Rxb4 Rxe2+ 38. Kg1 Rxe4 39. Nd3 Rd4 40. Nb2 Rd2
41. Rb3 e4 42. c5 dxc5 43. Nc4 Re2 44. Ne5 Bh3 45. Rc3 e3 46. Rc1 Rg2+ 47. Kh1
e2 48. Nd3 c4 49. Nf4 Rf2 50. Rg1 Bg4 0-1

[Event "Philadelphia Open"]
[Site "Philadelphia, PA"]
[Date "2011.04.23"]
[Round "7"]
[White "Aaron, Deepak"]
[Black "Veech, John"]
[Result "1-0"]
[WhiteElo "2253"]
[BlackElo "2108"]
[PlyCount "77"]
[EventDate "2011.04.??"]
[EventType "swiss"]
[EventRounds "9"]
[EventCountry "USA"]
[Source "MonRoi"]

1. e4 c5 2. Nf3 d6 3. d4 cxd4 4. Nxd4 Nf6 5. Nc3 g6 6. Be3 Bg7 7. f3 Nc6 8. Qd2
O-O 9. Bc4 Bd7 10. O-O-O Rc8 11. Bb3 Nxd4 12. Bxd4 b5 13. Bxa7 b4 14. Ne2 Qa5
15. Bd4 Ba4 16. Bxa4 Qxa4 17. Kb1 Ra8 18. Nc1 Rfc8 19. Rhe1 Nd7 20. Bxg7 Kxg7
21. f4 b3 22. cxb3 Rxc1+ 23. Kxc1 Qxa2 24. Qc3+ Kg8 25. Kd2 Nc5 26. Ke3 Nxb3
27. Kf2 Qa7+ 28. Qe3 Nc5 29. Ra1 Qxa1 30. Rxa1 Rxa1 31. b4 Ra2+ 32. Kg3 Ne6 33.
h4 Rb2 34. Qc3 Re2 35. f5 Nf8 36. b5 Rxe4 37. b6 Re5 38. b7 Rc5 39. Qxc5 1-0

[Event "Philadelphia Open"]
[Site "Philadelphia, PA"]
[Date "2011.04.23"]
[Round "7"]
[White "Mandiza, Farai"]
[Black "Hua, David"]
[Result "1-0"]
[WhiteElo "2412"]
[BlackElo "2013"]
[PlyCount "173"]
[EventDate "2011.04.??"]
[EventType "swiss"]
[EventRounds "9"]
[EventCountry "USA"]
[Source "MonRoi"]

1. d4 Nf6 2. Nf3 e6 3. g3 b6 4. Bg2 Bb7 5. O-O Be7 6. Nbd2 c5 7. dxc5 bxc5 8.
Re1 d5 9. c4 O-O 10. cxd5 exd5 11. b3 Re8 12. Bb2 Nbd7 13. Qc2 Rc8 14. Rad1 c4
15. bxc4 dxc4 16. Nxc4 Ba6 17. Nfe5 Qc7 18. Nxd7 Nxd7 19. Qf5 Bxc4 20. Rxd7 Qb6
21. Bd4 Qb4 22. Rb1 Be6 23. Qd3 Qxb1+ 24. Qxb1 Bxd7 25. h4 Rb8 26. Qa1 Bf8 27.
Bxa7 Rb4 28. Qd1 Be6 29. a3 Rb2 30. a4 Bb3 31. Qd4 Ra2 32. Bc6 Rexe2 33. Qd8
Red2 34. Qa8 Rdc2 35. Bb8 Rxc6 36. Qxc6 Rxa4 37. Be5 Rc4 38. Qf3 Rc1+ 39. Kh2
Be6 40. Qf4 Rc4 41. Qe3 Rc8 42. Qd3 Ra8 43. Qe4 Ra2 44. Qf4 Rc2 45. Qd4 h6 46.
Kg2 Rc4 47. Qd3 Ra4 48. Qd8 Rc4 49. f3 Rc2+ 50. Kg1 Rc8 51. Qd1 Ra8 52. g4 Ra5
53. Bc3 Ra3 54. Be1 g6 55. Qd8 Ra1 56. Kf2 Rc1 57. Bd2 Rc8 58. Qd3 Bg7 59. Kg3
Rc5 60. Be3 Rd5 61. Qc2 Rb5 62. Qd2 Be5+ 63. f4 Rd5 64. Qc1 Bg7 65. h5 Rd3 66.
Kf2 Rc3 67. Qd1 Ra3 68. Qd8+ Kh7 69. hxg6+ fxg6 70. Qe7 Rxe3 71. Kxe3 Bxg4 72.
Ke4 Bf5+ 73. Kd5 h5 74. Kc6 Bc2 75. Kd7 Kh6 76. Qg5+ Kh7 77. Ke7 Bd3 78. Qd5
Bc2 79. Qc4 Bb1 80. Qb3 Be4 81. Kf7 Bf5 82. Qb8 Bc3 83. Qf8 Bb2 84. Qg8+ Kh6
85. Qb8 Bg7 86. Qe8 Bc2 87. Qe2 1-0

[Event "Philadelphia Open"]
[Site "Philadelphia, PA"]
[Date "2011.04.23"]
[Round "7"]
[White "Tom, George"]
[Black "Tremblay, Rejean"]
[Result "1-0"]
[WhiteElo "2087"]
[BlackElo "2234"]
[PlyCount "91"]
[EventDate "2011.04.??"]
[EventType "swiss"]
[EventRounds "9"]
[EventCountry "USA"]
[Source "MonRoi"]

1. c4 g6 2. Nc3 Bg7 3. g3 e5 4. Bg2 f5 5. d3 d6 6. e3 Nf6 7. Nge2 Nc6 8. O-O
O-O 9. Rb1 a5 10. a3 Be6 11. b4 axb4 12. axb4 Rb8 13. b5 Ne7 14. Ba3 Qd7 15. c5
dxc5 16. Bxc5 Rfd8 17. Qc2 Ned5 18. d4 e4 19. Nxd5 Nxd5 20. Nc3 Ra8 21. Nxd5
Bxd5 22. Rfc1 Ra2 23. Qc3 Bf6 24. Bf1 Rda8 25. Bb4 Rc8 26. Bc4 Raa8 27. Ra1
Rxa1 28. Rxa1 c5 29. bxc6 Rxc6 30. Bxd5+ Qxd5 31. Ra8+ Kf7 32. Qa3 Qc4 33. Rf8+
Kg7 34. Ra8 Qe2 35. Bf8+ Kf7 36. Qb3+ Re6 37. Bc5 Kg7 38. Bf8+ Kf7 39. Bc5 Kg7
40. Qxb7+ Kh6 41. Bf8+ Kg5 42. Ra1 Re8 43. Qxh7 Kg4 44. Qxg6+ Bg5 45. Bh6 Kf3
46. Qh5# 1-0

[Event "Philadelphia Open"]
[Site "Philadelphia, PA"]
[Date "2011.04.23"]
[Round "7"]
[White "Nahutin, Yevgeni"]
[Black "Leutwyler, Martin"]
[Result "1/2-1/2"]
[WhiteElo "2032"]
[BlackElo "2164"]
[PlyCount "50"]
[EventDate "2011.04.??"]
[EventType "swiss"]
[EventRounds "9"]
[EventCountry "USA"]
[Source "MonRoi"]

1. d4 f5 2. c4 Nf6 3. Nc3 d6 4. Nf3 g6 5. g3 Bg7 6. Bg2 O-O 7. Qc2 Na6 8. a3 c6
9. Bg5 Qe8 10. Bxf6 Bxf6 11. e3 e5 12. O-O Qf7 13. Ne2 g5 14. Nd2 f4 15. d5 c5
16. e4 Qg7 17. Qd3 Bd7 18. Rab1 Be7 19. f3 h5 20. h3 fxg3 21. Nxg3 Qg6 22. Rf2
g4 23. hxg4 hxg4 24. Nf5 Bxf5 25. exf5 Qxf5 1/2-1/2

[Event "Philadelphia Open"]
[Site "Philadelphia, PA"]
[Date "2011.04.24"]
[Round "8"]
[White "Gelashvili, Tamaz"]
[Black "Amanov, Mesgen"]
[Result "1-0"]
[WhiteElo "2596"]
[BlackElo "2495"]
[PlyCount "101"]
[EventDate "2011.04.??"]
[EventType "swiss"]
[EventRounds "9"]
[EventCountry "USA"]
[Source "MonRoi"]

1. d4 d5 2. Nf3 Nf6 3. g3 g6 4. Bg2 Bg7 5. c4 c6 6. cxd5 cxd5 7. Nc3 O-O 8. Ne5
e6 9. O-O Nfd7 10. f4 Nc6 11. e3 f5 12. b3 Ne7 13. Ba3 Nf6 14. Rc1 Bd7 15. Rf2
Ne4 16. Rfc2 Nxc3 17. Rxc3 Bxe5 18. dxe5 Bc6 19. Qd4 Rf7 20. Bf1 Nc8 21. Bc5
Nb6 22. a4 Nc8 23. Bb5 Bd7 24. Bxd7 Rxd7 25. Kf2 a6 26. Qb4 Ne7 27. Bxe7 Qxe7
28. Qxe7 Rxe7 29. Ke2 Kf7 30. Kd3 Ke8 31. Kd4 Kd8 32. R3c2 Rd7 33. h3 Rb8 34.
g4 Rg7 35. b4 Ra8 36. g5 Rd7 37. Rc3 Re7 38. Kd3 Rd7 39. Kd4 Re7 40. R1c2 Rd7
41. Kd3 Ke7 42. h4 Kd8 43. b5 axb5 44. axb5 Ke7 45. b6 Ra6 46. Rc8 Rxb6 47. Rh8
d4 48. Rxh7+ Kd8 49. Rh8+ Ke7 50. Rcc8 dxe3+ 51. Ke2 1-0

[Event "Philadelphia Open"]
[Site "Philadelphia, PA"]
[Date "2011.04.24"]
[Round "8"]
[White "Becerra Rivero, Julio"]
[Black "Harmon-Vellotti, Luke"]
[Result "1-0"]
[WhiteElo "2549"]
[BlackElo "2128"]
[PlyCount "81"]
[EventDate "2011.04.??"]
[EventType "swiss"]
[EventRounds "9"]
[EventCountry "USA"]
[Source "MonRoi"]

1. e4 e6 2. d4 d5 3. Nc3 Bb4 4. exd5 exd5 5. Bd3 Nc6 6. a3 Bxc3+ 7. bxc3 Nf6 8.
Ne2 O-O 9. f3 Re8 10. O-O Ne7 11. Ng3 Qd6 12. Re1 Bd7 13. Be3 b6 14. Qd2 c5 15.
dxc5 bxc5 16. c4 d4 17. c3 Qb6 18. cxd4 cxd4 19. Bf2 Be6 20. Rab1 Qd6 21. Qb4
Red8 22. Red1 Nc6 23. Qxd6 Rxd6 24. c5 Rd5 25. Ne4 Nd7 26. Bb5 Ndb8 27. Bg3 Na5
28. Bd6 Nbc6 29. Bd3 h6 30. Ng3 f5 31. Nh5 g6 32. Nf6+ Kf7 33. Nxd5 Bxd5 34.
Bb5 Kf6 35. Bc7 a6 36. Ba4 Rc8 37. Bxa5 Nxa5 38. Rb6+ Ke5 39. Re1+ Kf4 40. Rxg6
Nb3 41. Kf2 1-0

[Event "Philadelphia Open"]
[Site "Philadelphia, PA"]
[Date "2011.04.24"]
[Round "8"]
[White "Ludwig, Daniel"]
[Black "Stocek, Jiri"]
[Result "0-1"]
[WhiteElo "2450"]
[BlackElo "2580"]
[PlyCount "86"]
[EventDate "2011.04.??"]
[EventType "swiss"]
[EventRounds "9"]
[EventCountry "USA"]
[Source "MonRoi"]

1. e4 c5 2. Nf3 d6 3. d4 cxd4 4. Nxd4 Nf6 5. Nc3 e6 6. g4 h6 7. h3 a6 8. Bg2
Nc6 9. Be3 Ne5 10. Qe2 g5 11. O-O-O Bd7 12. f4 gxf4 13. Bxf4 Rc8 14. Rhf1 Rxc3
15. bxc3 Qc7 16. Kb1 Be7 17. Bc1 Ba4 18. Qf2 Nfd7 19. Nb3 Bb5 20. Rfe1 Nb6 21.
Bf1 Na4 22. Bxb5+ axb5 23. Rd4 Nxc3+ 24. Ka1 O-O 25. Qg3 Ra8 26. a3 d5 27. Re3
Nxe4 28. Qg2 Bxa3 29. Bxa3 Rxa3+ 30. Kb2 Ra4 31. Rexe4 dxe4 32. Qxe4 Nc4+ 33.
Kc1 Ra8 34. Qd3 Qe7 35. Qc3 Rc8 36. Nd2 Qa3+ 37. Qxa3 Nxa3 38. Kb2 Nxc2 39. Re4
Kg7 40. Nf3 b4 41. Ne5 b5 42. Nd3 Rc4 43. Re5 Nd4 0-1

[Event "Philadelphia Open"]
[Site "Philadelphia, PA"]
[Date "2011.04.24"]
[Round "8"]
[White "Fedorowicz, John"]
[Black "Matamoros Franco, Carlos S"]
[Result "1/2-1/2"]
[WhiteElo "2444"]
[BlackElo "2549"]
[PlyCount "33"]
[EventDate "2011.04.??"]
[EventType "swiss"]
[EventRounds "9"]
[EventCountry "USA"]
[Source "MonRoi"]

1. d4 Nf6 2. c4 g6 3. Nc3 Bg7 4. e4 d6 5. f3 O-O 6. Be3 c5 7. d5 e6 8. Qd2 exd5
9. cxd5 a6 10. a4 h5 11. Bh6 Re8 12. Bxg7 Kxg7 13. Bd3 Nbd7 14. Nge2 Ne5 15.
Bc2 Bd7 16. O-O b5 17. b3 1/2-1/2

[Event "Philadelphia Open"]
[Site "Philadelphia, PA"]
[Date "2011.04.24"]
[Round "8"]
[White "Lapshun, Yury"]
[Black "Stopa, Jacek"]
[Result "1/2-1/2"]
[WhiteElo "2438"]
[BlackElo "2453"]
[PlyCount "96"]
[EventDate "2011.04.??"]
[EventType "swiss"]
[EventRounds "9"]
[EventCountry "USA"]
[Source "MonRoi"]

1. e4 e6 2. d4 d5 3. exd5 exd5 4. Bd3 Nf6 5. Ne2 c5 6. dxc5 Bxc5 7. O-O h6 8.
Nd2 O-O 9. Nb3 Bb6 10. Ned4 Nc6 11. c3 Bg4 12. f3 Bh5 13. Bf4 Ne4 14. g4 Ng5
15. Bg3 Bg6 16. Bxg6 fxg6 17. Kg2 Qf6 18. Qd2 Rae8 19. Rae1 Rxe1 20. Bxe1 Nxd4
21. Nxd4 Bxd4 22. Qxd4 Qxd4 23. cxd4 Ne6 24. Bg3 Nxd4 25. Rd1 Nxf3 26. Rxd5 Ng5
27. Rd7 Rf7 28. Rd8+ Kh7 29. Re8 Rd7 30. h4 Nf7 31. Bf4 g5 32. hxg5 hxg5 33.
Be3 a6 34. Kf3 Nd6 35. Re6 Rf7+ 36. Ke2 Nc4 37. b3 Nxe3 38. Kxe3 Rf6 39. Re7 b5
40. a4 bxa4 41. bxa4 Rf4 42. Re4 Rf6 43. Re5 Kh6 44. Ra5 Rf4 45. Rxa6+ g6 46.
Ra7 Rxg4 47. Kf3 Rb4 48. Kg3 Rb3+ 1/2-1/2

[Event "Philadelphia Open"]
[Site "Philadelphia, PA"]
[Date "2011.04.24"]
[Round "8"]
[White "Bonin, Jay"]
[Black "Milman, Lev"]
[Result "0-1"]
[WhiteElo "2296"]
[BlackElo "2462"]
[PlyCount "98"]
[EventDate "2011.04.??"]
[EventType "swiss"]
[EventRounds "9"]
[EventCountry "USA"]
[Source "MonRoi"]

1. Nf3 Nf6 2. c4 c5 3. Nc3 Nc6 4. g3 g6 5. Bg2 d6 6. d3 Bg7 7. O-O O-O 8. Rb1
d5 9. cxd5 Nxd5 10. Nxd5 Qxd5 11. a3 Qd6 12. Nd2 Nd4 13. Ne4 Qc7 14. b4 c4 15.
e3 Nb5 16. dxc4 Qxc4 17. a4 Bf5 18. axb5 Bxe4 19. Qb3 Bd3 20. Qxc4 Bxc4 21. Rd1
Ba2 22. Rb2 Bxb2 23. Bxb2 Rfd8 24. Rxd8+ Rxd8 25. Bxb7 Rd1+ 26. Kg2 Bd5+ 27.
Bxd5 Rxd5 28. Bd4 Rxb5 29. Bxa7 Rxb4 30. Bc5 Re4 31. Bd4 Kf8 32. f3 Re6 33. g4
Ra6 34. h4 Ke8 35. Kg3 Ra5 36. e4 Kd7 37. Kf4 Kd6 38. Bc3 Rb5 39. Bd2 Kc5 40.
Kg5 h5 41. Kh6 hxg4 42. fxg4 Kd6 43. h5 gxh5 44. gxh5 Ke6 45. Bf4 Rb4 46. Kg7
Rxe4 47. Bc1 Rg4+ 48. Kf8 Rh4 49. h6 Kf6 0-1

[Event "Philadelphia Open"]
[Site "Philadelphia, PA"]
[Date "2011.04.24"]
[Round "8"]
[White "Yeager, Daniel A"]
[Black "Kekelidze, Mikheil"]
[Result "1/2-1/2"]
[WhiteElo "2289"]
[BlackElo "2460"]
[PlyCount "82"]
[EventDate "2011.04.??"]
[EventType "swiss"]
[EventRounds "9"]
[EventCountry "USA"]
[Source "MonRoi"]

1. d4 Nf6 2. c4 e6 3. g3 c5 4. d5 exd5 5. cxd5 d6 6. Nc3 g6 7. Bg2 Bg7 8. Nf3
O-O 9. O-O Re8 10. Nd2 Nbd7 11. Nc4 Nb6 12. Nxb6 Qxb6 13. h3 Bd7 14. e4 Qa6 15.
Qf3 Bb5 16. Re1 Bd3 17. Bf4 Nd7 18. Bxd6 Bxc3 19. bxc3 Bxe4 20. Rxe4 Qxd6 21.
Rae1 Nf6 22. Rxe8+ Rxe8 23. Rxe8+ Nxe8 24. Qe4 Kf8 25. Qb1 Qc7 26. c4 Nd6 27.
Bf1 Ke7 28. Qb2 Nf5 29. Qh8 h5 30. h4 Nd4 31. Kg2 Qb6 32. Qe5+ Kd7 33. Qg7 Ke8
34. Qe5+ Kd8 35. Qh8+ Kd7 36. Qg7 Ke7 37. Qe5+ Kd7 38. Qg7 Ke7 39. Qe5+ Kd7 40.
Qg7 Ke7 41. Qe5+ Kd7 1/2-1/2

[Event "Philadelphia Open"]
[Site "Philadelphia, PA"]
[Date "2011.04.24"]
[Round "8"]
[White "Bartholomew, John"]
[Black "Shen, Victor"]
[Result "1/2-1/2"]
[WhiteElo "2442"]
[BlackElo "2269"]
[PlyCount "51"]
[EventDate "2011.04.??"]
[EventType "swiss"]
[EventRounds "9"]
[EventCountry "USA"]
[Source "MonRoi"]

1. c4 Nf6 2. g3 e6 3. Bg2 d5 4. Nf3 Be7 5. O-O O-O 6. b3 b6 7. Bb2 Bb7 8. e3 c5
9. Nc3 Nbd7 10. Qe2 Rc8 11. Rfd1 Qc7 12. cxd5 Nxd5 13. Nxd5 exd5 14. Rac1 Rfd8
15. d4 c4 16. bxc4 Ba6 17. Nd2 dxc4 18. a4 b5 19. axb5 Bxb5 20. Bc3 a5 21. Qh5
Rb8 22. Bd5 Rf8 23. Qe2 Rfc8 24. Qh5 Rf8 25. Qe2 Rfc8 26. Qh5 1/2-1/2

[Event "Philadelphia Open"]
[Site "Philadelphia, PA"]
[Date "2011.04.24"]
[Round "8"]
[White "Arnold, Marc"]
[Black "Barnett, Alex"]
[Result "1/2-1/2"]
[WhiteElo "2435"]
[BlackElo "2280"]
[PlyCount "97"]
[EventDate "2011.04.??"]
[EventType "swiss"]
[EventRounds "9"]
[EventCountry "USA"]
[Source "MonRoi"]

1. d4 Nf6 2. c4 e6 3. Nc3 Bb4 4. e3 O-O 5. Bd3 c5 6. Nge2 d6 7. a3 Ba5 8. O-O
Nc6 9. Bc2 Re8 10. Rb1 Rb8 11. b3 a6 12. d5 exd5 13. Nxd5 Nxd5 14. Qxd5 Re5 15.
Qf3 Qh4 16. Qf4 Qe7 17. Bb2 Rg5 18. Qe4 Bf5 19. Qxe7 Nxe7 20. e4 Bd7 21. Ng3
Ng6 22. f4 Rg4 23. f5 Nf8 24. Bc1 b5 25. Nh1 Bc3 26. h3 Rh4 27. g3 Rxh3 28. Kg2
Rh5 29. Nf2 Be5 30. Bd2 Bc6 31. Ng4 bxc4 32. Nxe5 dxe5 33. g4 cxb3 34. Rxb3
Rxb3 35. Bxb3 Bxe4+ 36. Kg3 Rh1 37. Rxh1 Bxh1 38. Bc4 Bb7 39. g5 g6 40. f6 h6
41. gxh6 Nh7 42. Bc3 Nxf6 43. Bxe5 Nd5 44. Kh4 Kh7 45. Bxd5 Bxd5 46. Kg5 f5 47.
Bg7 a5 48. Be5 a4 49. Bg7 1/2-1/2

[Event "Philadelphia Open"]
[Site "Philadelphia, PA"]
[Date "2011.04.24"]
[Round "8"]
[White "Yang, Darwin"]
[Black "Aaron, Deepak"]
[Result "0-1"]
[WhiteElo "2416"]
[BlackElo "2253"]
[PlyCount "78"]
[EventDate "2011.04.??"]
[EventType "swiss"]
[EventRounds "9"]
[EventCountry "USA"]
[Source "MonRoi"]

1. d4 d5 2. c4 c6 3. Nc3 Nf6 4. e3 a6 5. Nf3 b5 6. c5 Bg4 7. Qb3 Bxf3 8. gxf3
e5 9. a4 exd4 10. exd4 Nbd7 11. Qa3 Nb6 12. Qa2 b4 13. a5 Nbd7 14. Ne2 Bxc5 15.
dxc5 Nxc5 16. Nd4 O-O 17. Be3 Re8 18. Rc1 Ne6 19. Nxe6 Rxe6 20. Bh3 Re5 21. O-O
Rh5 22. Bg2 Qd6 23. Rfd1 Qxh2+ 24. Kf1 Rc8 25. Qa4 Qd6 26. Rd2 h6 27. Rdc2 d4
28. Rxc6 Rxc6 29. Rxc6 Qd7 30. Bd2 Rc5 31. f4 Nd5 32. Bxd5 Rxd5 33. Qc2 d3 34.
Rc8+ Kh7 35. Qc6 Qh3+ 36. Kg1 Qg4+ 37. Kf1 Qd1+ 38. Kg2 Rh5 39. Kg3 f5 0-1

[Event "Philadelphia Open"]
[Site "Philadelphia, PA"]
[Date "2011.04.24"]
[Round "8"]
[White "Mulyar, Michael"]
[Black "Gu, Christopher"]
[Result "1-0"]
[WhiteElo "2396"]
[BlackElo "2180"]
[PlyCount "59"]
[EventDate "2011.04.??"]
[EventType "swiss"]
[EventRounds "9"]
[EventCountry "USA"]
[Source "MonRoi"]

1. d4 Nf6 2. c4 e6 3. g3 Bb4+ 4. Bd2 Qe7 5. Bg2 Nc6 6. Nf3 Bxd2+ 7. Nbxd2 O-O
8. O-O d6 9. e4 e5 10. d5 Nb8 11. Ne1 a5 12. Nd3 Na6 13. f4 c6 14. Rc1 cxd5 15.
cxd5 Nd7 16. Nc4 Nb4 17. fxe5 dxe5 18. d6 Qe6 19. Nxb4 axb4 20. Qd2 b6 21. Qxb4
Ba6 22. Rfd1 Bxc4 23. Qxc4 Qxc4 24. Rxc4 Rxa2 25. Bh3 Nc5 26. d7 Rd8 27. b4 Ra4
28. Rdc1 Nb7 29. Rc8 Kf8 30. R1c7 1-0

[Event "Philadelphia Open"]
[Site "Philadelphia, PA"]
[Date "2011.04.24"]
[Round "8"]
[White "Kats, Alena"]
[Black "Adu, Oladapo"]
[Result "0-1"]
[WhiteElo "2085"]
[BlackElo "2295"]
[PlyCount "95"]
[EventDate "2011.04.??"]
[EventType "swiss"]
[EventRounds "9"]
[EventCountry "USA"]
[Source "MonRoi"]

1. e4 g6 2. d4 d6 3. Nc3 Bg7 4. Be3 c6 5. a4 a5 6. f3 Nf6 7. Nge2 Na6 8. Nc1
O-O 9. Be2 Nb4 10. Nd3 Nd7 11. Qd2 Qb6 12. Nxb4 axb4 13. Nd1 c5 14. c3 bxc3 15.
bxc3 Qa5 16. h4 cxd4 17. Bxd4 Nc5 18. Bxg7 Kxg7 19. Rb1 h6 20. Rb4 Bd7 21. h5
g5 22. Ne3 Nxa4 23. Rxb7 Nc5 24. Rb1 Rfb8 25. Kf2 Nb3 26. Qd3 Qc5 27. Qc4 Qb6
28. Rhd1 Be6 29. Qd3 Qc5 30. Kf1 Ra2 31. Nc2 Rb6 32. Nb4 Rxe2 33. Qxe2 Qxc3 34.
Nd5 Bxd5 35. exd5 Nd2+ 36. Rxd2 Rxb1+ 37. Kf2 Qf6 38. Rd1 Rb2 39. Rd2 Rb3 40.
Rd3 Rb2 41. Rd2 Rb4 42. Qe3 Kf8 43. Qa3 Rb1 44. Qd3 Qa1 45. Re2 Rd1 46. Qe4 Qf6
47. Ra2 Qd4+ 48. Kg3 0-1

[Event "Philadelphia Open"]
[Site "Philadelphia, PA"]
[Date "2011.04.24"]
[Round "8"]
[White "Gorman, Dov"]
[Black "Tom, George"]
[Result "1-0"]
[WhiteElo "2292"]
[BlackElo "2087"]
[PlyCount "139"]
[EventDate "2011.04.??"]
[EventType "swiss"]
[EventRounds "9"]
[EventCountry "USA"]
[Source "MonRoi"]

1. e4 c5 2. Nf3 Nc6 3. d4 cxd4 4. Nxd4 e5 5. Nb5 d6 6. c4 Be7 7. Be2 Be6 8. O-O
Nf6 9. N1c3 a6 10. Na3 h6 11. Be3 O-O 12. Qd2 Rc8 13. f3 Ne8 14. Nd5 Bg5 15.
Bxg5 hxg5 16. Nc2 f5 17. exf5 Bxf5 18. Bd3 g6 19. Rad1 Kh7 20. b3 Ng7 21. Nde3
Bxd3 22. Qxd3 Rf6 23. Ng4 Re6 24. Qd5 Qe7 25. Nf2 Nf5 26. Ne4 Kh6 27. Rfe1 Re8
28. Qd2 Ncd4 29. Nxd4 exd4 30. Rc1 Re5 31. Kf2 b5 32. g3 bxc4 33. bxc4 Kg7 34.
g4 d5 35. cxd5 Ne3 36. Qxd4 Nxd5 37. Nc3 Nxc3 38. Rxc3 Kh6 39. Rxe5 Qxe5 40.
Qxe5 Rxe5 41. Kg3 Ra5 42. a3 Ra4 43. Kf2 Kg7 44. Rb3 Kf6 45. Re3 Kf7 46. Ke2
Kf6 47. Kd2 Kf7 48. Kc2 Kf6 49. Rc3 Kf7 50. Kb3 Rf4 51. a4 a5 52. Rd3 Rb4+ 53.
Ka3 Rf4 54. Rd5 Rxf3+ 55. Kb2 Rf4 56. Rxa5 Rxg4 57. Ra7+ Ke6 58. Kb3 Rh4 59. a5
Kd6 60. Rg7 Rxh2 61. a6 Rh8 62. Kb4 Kc6 63. Ka5 g4 64. a7 g3 65. Ka6 g2 66.
Rxg6+ Kc7 67. Rg7+ Kc6 68. Rxg2 Kc7 69. Rc2+ Kd6 70. Kb7 1-0

[Event "Philadelphia Open"]
[Site "Philadelphia, PA"]
[Date "2011.04.24"]
[Round "8"]
[White "Kulic, Sasa"]
[Black "Viswanadha, Kesav"]
[Result "1-0"]
[WhiteElo "2201"]
[BlackElo "1873"]
[PlyCount "103"]
[EventDate "2011.04.??"]
[EventType "swiss"]
[EventRounds "9"]
[EventCountry "USA"]
[Source "MonRoi"]

1. e4 e5 2. Nf3 Nc6 3. d4 exd4 4. Nxd4 Bc5 5. Nxc6 Qf6 6. Qf3 bxc6 7. Qxf6 Nxf6
8. Bd3 d6 9. a4 a5 10. O-O O-O 11. h3 Re8 12. Nd2 Be6 13. Nf3 h6 14. Bd2 Bb6
15. Rfe1 Nd7 16. Bc3 Nc5 17. Bf1 Bd7 18. e5 d5 19. b3 Ne6 20. Rad1 Bc8 21. g3
Bb7 22. Bg2 Rad8 23. Rd2 d4 24. Bb2 c5 25. Nh4 Bxg2 26. Kxg2 g5 27. Nf3 Rd5 28.
Rde2 c6 29. Nd2 Bc7 30. Nc4 Rb8 31. Nd2 Kf8 32. Ba3 Kg7 33. Re4 d3 34. c3 Kg6
35. f4 gxf4 36. gxf4 Kf5 37. Kf3 Rg8 38. Nf1 d2 39. Ne3+ Kg6 40. Rd1 f5 41.
exf6 Kxf6 42. Ng4+ Ke7 43. c4 Rd3+ 44. Ke2 Rxh3 45. f5 Rxg4 46. Rxg4 Nf4+ 47.
Kxd2 Rh2+ 48. Ke3 Rh3+ 49. Ke4 Ne2 50. Bxc5+ Kf7 51. Rd7+ Ke8 52. Re7+ 1-0